000 00507nam a2200181Ia 4500
999 _c35939
_d35939
003 OSt
005 20200929120618.0
008 190216s9999||||xx |||||||||||||| ||und||
020 _a0091647312
040 _coclc
082 _a599.9
_bJEN/E
100 _aJenkins, Morton
_95131
245 0 _aExamining GCSE Human Biology /
_cMorton Jenkins
260 _bHutchinson,
_c1987.
_aLondon:
300 _a257p
650 _aHuman Biology
942 _cREF
_2ddc
_h599.9
_iJEN/E
_k599.9
_mJEN/E